| 000 | 00592nam a2200277Ia 4500 | ||
|---|---|---|---|
| 005 | 20260401122143.0 | ||
| 008 | 008 250103s9999 xx 000 0 eng d | ||
| 020 | _a143027751 | ||
| 037 | _aTB | ||
| 040 | _aEDL | ||
| 040 | _beng | ||
| 040 | _cEDL | ||
| 041 | _2eng | ||
| 041 | _aeng | ||
| 084 | _aIn823 ALT | ||
| 084 | _qEDL | ||
| 245 | 0 | _aPenguin book of Modern Indian Short Stories | |
| 260 | _aIndia | ||
| 260 | _bPenguin Books | ||
| 260 | _c2001 | ||
| 300 | _a345p | ||
| 942 | _cTB | ||
| 942 | _hIn823 ALT | ||
| 999 |
_c1845296 _d1845296 |
||